Central Library OPAC University of Rajshahi

van Nostrand Books, 1967 / (Record no. 17536)

MARC details
000 -LEADER
fixed length control field 00642nam a22002171a 4500
001 - CONTROL NUMBER
control field 17536
003 - CONTROL NUMBER IDENTIFIER
rucl marc code BD-RjUL
005 - DATE AND TIME OF LATEST TRANSACTION
control field 20211209000145.0
008 - FIXED-LENGTH DATA ELEMENTS--GENERAL INFORMATION
fixed length control field 180731s1967 us 000 0beng d
035 ## - SYSTEM CONTROL NUMBER
System control number (BD-RjUL)17594
040 ## - CATALOGING SOURCE
Original cataloging agency BD-RjUL
Transcribing agency BD-RjUL
Modifying agency BD-RjUL
-- BD-RjUL
Language of cataloging eng
041 ## - LANGUAGE CODE
Language code of text/sound track or separate title eng
082 ## - DEWEY DECIMAL CLASSIFICATION NUMBER
Classification number 015.73
Author mark and year DVV 1967
Edition number 23
110 ## - MAIN ENTRY--CORPORATE NAME
Corporate name or jurisdiction name as entry element D. van Nostrand Company
9 (RLIN) 222016
245 ## - TITLE STATEMENT
Title van Nostrand Books, 1967 /
Statement of responsibility, etc. D. van Nostrand Company
260 ## - PUBLICATION, DISTRIBUTION, ETC. (IMPRINT)
Place of publication, distribution, etc. London :
Name of publisher, distributor, etc. van Nostrand,
Date of publication, distribution, etc. 1967.
300 ## - PHYSICAL DESCRIPTION
Pagination [6], 292 p. ;
Size 21 cm.
500 ## - GENERAL NOTE
General note "Publishers Since 1848"
650 ## - SUBJECT ADDED ENTRY--TOPICAL TERM
Topical term or geographic name as entry element Publishers catalogue
Geographic subdivision USA
Chronological subdivision 1967
9 (RLIN) 222017
942 ## - ADDED ENTRY ELEMENTS (KOHA)
Source of classification or shelving scheme Dewey Decimal Classification
Koha item type Reference
Holdings
Lost status Source of classification or shelving scheme Damaged status Not for loan Collection code Permanent Location Current Location Shelving location Date acquired Total Checkouts Full call number Date last seen Copy number Koha item type
  Dewey Decimal Classification   Not For Loan Reference Central Library, University of Rajshahi Central Library, University of Rajshahi Rare Book Section 21/04/1982   R 015.73 DVV 1967 31/07/2018 C-1 Reference